000 00384cam a2200145ua 4500
041 _aeng
_h
082 _a539.7
_bMIL/HA
100 _aMiller, John D .
245 _aHand book of nanophysics /
_cJohn D Miller.
_hTextual Documents
260 _aNew Delhi :
_bDominant Publishers and distributors ,
_c2008.
300 _a206 ; .
504 _a
942 _cBK
999 _c13363
_d13363